Central Library OPAC University of Rajshahi
Normal view MARC view

Entry Personal Name

Number of records used in: 2

001 - CONTROL NUMBER

  • control field: 1067

003 - CONTROL NUMBER IDENTIFIER

  • control field: BD-RjUL

005 - DATE AND TIME OF LATEST TRANSACTION

  • control field: 20220201132824.0

008 - FIXED-LENGTH DATA ELEMENTS

  • fixed length control field: 220201|| aca||aabn | a|a d

040 ## - CATALOGING SOURCE

  • Original cataloging agency: BD-RjUL
  • Transcribing agency: BD-RjUL

100 ## - HEADING--PERSONAL NAME

  • Personal name:

670 ## - SOURCE DATA FOUND

  • Source citation: Work cat.: (BD-RjUL)79265: খাতুন, মোসা. নাসিমা 936, বৃহত্তর কুষ্টিয়ার নারীবাউল :, ২০১৫